Tomorrow / (Record no. 23795)

MARC details
000 -LEADER
fixed length control field 01740nam a22002771 4500
005 - DATE AND TIME OF LATEST TRANSACTION
control field 20050808122104.0
008 - FIXED-LENGTH DATA ELEMENTS--GENERAL INFORMATION
fixed length control field 721219s1962 nyu 000 0 eng
010 ## - LCCN (DPL NO)
LC control number B-359259-264
020 ## - INTERNATIONAL STANDARD BOOK NUMBER
International Standard Book Number 9780330450263
Terms of availability 293.30
037 ## - SOURCE OF ACQUISITION
Source of stock number/acquisition Aakar Books
040 ## - CATALOGING SOURCE
Original cataloging agency dpl
Language of cataloging English
082 ## - DEWEY DECIMAL CLASSIFICATION NUMBER
Classification number N
100 ## - MAIN ENTRY--PERSONAL NAME
Personal name Swift, Graham
245 ## - TITLE STATEMENT
Title Tomorrow /
Statement of responsibility, etc by Graham Swift
260 ## - PUBLICATION, DISTRIBUTION, ETC. (IMPRINT)
Place of publication, distribution, etc London
Name of publisher, distributor, etc Pan Macmillan
Date of publication, distribution, etc 2008
270 ## - ADDRESS
Address 20, New
City Hammersmith, London
Postal code W6 8JB
300 ## - PHYSICAL DESCRIPTION
Extent 248p
Dimensions 20 cm (pbk)
942 ## - ADDED ENTRY ELEMENTS (KOHA)
Source of classification or shelving scheme Dewey Decimal Classification
Item type English Books
Classification part N
Call number suffix WHI
Holdings
Withdrawn status Lost status Source of classification or shelving scheme Damaged status Not for loan Collection code Home library Current library Date acquired Source of acquisition Cost, normal purchase price Total Checkouts Full call number Barcode Date last seen Copy number Cost, replacement price Koha item type
  Written-off vide DLB M. No. 383 dt 16.05.19 Dewey Decimal Classification     Fiction Central Library Central Library 10/11/2009 Aakar Books/I-514/5.9.06/18/5.6.09/30.9.09 293.30 1 N WHI B-359259 30/06/2017 1 293.30 English Books
    Dewey Decimal Classification     Fiction Janak Puri Janak Puri 10/11/2009 Aakar Books/I-514/5.9.06/18/5.6.09/30.9.09 293.30 22 N WHI B-359261 26/10/2012 1 293.30 English Books
    Dewey Decimal Classification     Fiction Karol Bagh Karol Bagh 10/11/2009 Aakar Books/I-514/5.9.06/18/5.6.09/30.9.09 293.30   N WHI B-359263 10/11/2009 1 293.30 English Books
  Written-off vide DLB M. No. 383 dt 16.05.19 Dewey Decimal Classification     Fiction Patel Nagar Patel Nagar 10/11/2009 Aakar Books/I-514/5.9.06/18/5.6.09/30.9.09 293.30   N WHI B-359260 10/11/2009 1 293.30 English Books
    Dewey Decimal Classification     Fiction Sarojini Nagar Sarojini Nagar 10/11/2009 Aakar Books/I-514/5.9.06/18/5.6.09/30.9.09 293.30   N WHI B-359262 10/11/2009 1 293.30 English Books
  Written-off vide DLB M. No. 383 dt 16.05.19 Dewey Decimal Classification     Fiction Shahdara Branch Shahdara Branch 10/11/2009 Aakar Books/I-514/5.9.06/18/5.6.09/30.9.09 293.30   N WHI B-359264 10/11/2009 1 293.30 English Books

© Delhi Public Library
Hit Counter
free hit counter